| 000 | 00734nam a2200169Ia 4500 | ||
|---|---|---|---|
| 008 | 090711s9999 xx 000 0 und d | ||
| 082 | _b23069 | ||
| 100 | _aखापर्डे ब. ग. | ||
| 245 | _a"साहित्याSाी प्रेरणा, पध्दति, आणि ध्येय" | ||
| 260 |
_bउद्यम प्रकाशन _c1956 |
||
| 300 | _a117 | ||
| 600 | _aखापर्डे ब. ग. | ||
| 630 | _a"साहित्याSाी प्रेरणा, पध्दति, आणि ध्येय" | ||
| 700 | _aखापर्डे ब. ग. | ||
| 730 | _a"साहित्याSाी प्रेरणा, पध्दति, आणि ध्येय" | ||
| 942 | _cBOOK | ||
| 999 |
_c284472 _d284472 |
||